000 00657nam a2200229Ia 4500
003 OSt
005 20220926035149.0
006 a|||||r|||| 00| 0
007 ta
008 220923b |||||||| |||| 00| 0 eng d
037 _cGeneral Book
040 _aRTL
_cRTL
_beng
041 _2eng
_aeng
082 _aX.41.H, J6
100 _aSchurmann Herbert Frans
_9341960
245 0 _aEconomic structure of Yuan dynasty
_b Translation of
260 _c1956
490 _aHarvard-Yenching Institute Studies. 16
650 _aEconomic Conditions China
942 _hX.41.H, J6
_cGB
_2CC
999 _c661525
_d661525